[Event "Kathmandu op"]
[Site "Kathmandu"]
[Date "2018.04.13"]
[Round "1"]
[White "Shantharam, KV."]
[Black "Ajithkumar, Murugan"]
[Result "1-0"]
[WhiteElo "2163"]
[BlackElo "1413"]
[PlyCount "64"]
[EventDate "2018.04.13"]
[EventType "swiss"]
[EventRounds "9"]
[EventCountry "NEP"]
[SourceTitle "CBM 183 Extra"]
[Source "ChessBase"]
[SourceDate "2018.04.19"]
[SourceVersion "1"]
[SourceVersionDate "2018.04.19"]
[SourceQuality "1"]

1. Nf3 d5 2. c4 Nf6 3. cxd5 Nxd5 4. d4 Nc6 5. e4 Nb6 6. Nc3 e6 7. Bd3 Bb4 8. 0-0 0-0 9. Be3 Na5 10. Qe2 Bd7 11. e5 Bxc3 12. bxc3 Nd5 13. Bg5 Qe8 14. Qe4 g6 15. Bf6 Bc6 16. Qh4 Nxf6 17. exf6 Qd8 18. Ng5 h5 19. Ne4 Qd5 20. Qf4 Kh7 21. Ng5+ Kh8 22. Be4 Qd6 23. Qc1 Qd8 24. Bxc6 Nxc6 25. Nxe6 Qxf6 26. Nxf8 Rxf8 27. Re1 Kg7 28. Qe3 Rd8 29. Rab1 b6 30. Rb5 Rd7 31. Qg3 Kh6 32. h4 Ne7 1-0